000 00420cam a2200181 4500
001 D13358
008 090401t1920 xxu||||| |||| 00| 0 eng d
035 _a(Sirsi) u9214
041 _aeng
100 _aMacer, Alfred T
245 _aMacer`s dilapidations: law and practice
250 _a6th
260 _aLondon
_bEstates Gazette
_c1920
350 _a0
520 _aShelf 118
942 _n0
948 _c04/03/1997
999 _c86618
_d86618